Диагностические свойства рудных минералов

Библиографические подробности
Другие авторы: Юшко С. А. Софья Авраамовна, Юшко-Захарова О. Е., Лебедева С. И., Максимюк И. Е.
Язык:русский
Опубликовано: Москва, Недра, 1969
Предметы:
Формат: Книга
Запись в KOHA:https://koha.lib.tpu.ru/cgi-bin/koha/opac-detail.pl?biblionumber=68055

MARC

LEADER 00000nam0a2200000 4500
001 68055
005 20231031074455.0
035 |a (RuTPU)RU\TPU\book\72454 
090 |a 68055 
100 |a 20040929d1969 k y0rusy50 ca 
101 0 |a rus 
102 |a RU 
105 |a a z 001zy 
200 1 |a Диагностические свойства рудных минералов  |f С. А. Юшко, О. Е. Юшко-Захарова, С. И. Лебедева, И. Е. Максимюк 
210 |a Москва  |c Недра  |d 1969 
215 |a 215 с.  |c ил. 
320 |a Библиография в конце разделов. 
320 |a Алфавитный список минералов: с. 212-214. 
610 1 |a свойства 
610 1 |a диагностические свойства 
610 1 |a минералы 
610 1 |a рудные минералы 
675 |a 553.3/.4.08  |v 3 
701 1 |a Юшко  |b С. А.  |g Софья Авраамовна 
701 1 |a Юшко-Захарова  |b О. Е. 
701 1 |a Лебедева  |b С. И. 
701 1 |a Максимюк  |b И. Е. 
801 1 |a RU  |b 63413507  |c 20040929  |g PSBO 
801 2 |a RU  |b 63413507  |c 20141117  |g PSBO 
942 |c BK